Anagrammes - Prénoms masculins - Série 17 - Statistiques

Statistiques générales
  • Ce quiz a été pris 207 fois
  • Le résultat moyen est 7 sur 10
Statistiques - réponses
Anagramme Prénom % Correct
RIDIMIT Dimitri
95%
SCALPA Pascal
94%
HANNOTAJ Jonathan
88%
RIME Remi
88%
TANEGA Gaetan
85%
TENENIE Etienne
79%
DEMAIN Damien
67%
RUANDA Arnaud
51%
SALISSANT Stanislas
34%
ARMELY Almyre
2%
Aucun quiz correspondant
Distribution des résultats
% des personnes avec chaque résultat
Percentile par nombre de réponses
Votre historique - résultats
Vous n’avez pas pris ce quiz